| 000 | 00433nam a2200157Ia 4500 | ||
|---|---|---|---|
| 008 | 100122s9999 xx 000 0 und d | ||
| 082 |
_b16197 _a342.54 |
||
| 100 | _aAGGARWALA I N | ||
| 245 | _aNATIONAL MOVEMENT CONSTITUTIONAL DEVELOPMENT | ||
| 250 | _a1 | ||
| 260 | _c1967 | ||
| 300 | _a536 | ||
| 630 | _aNATIONAL MOVEMENT CONSTITUTIONAL DEVELOPMENT | ||
| 730 | _aNATIONAL MOVEMENT CONSTITUTIONAL DEVELOPMENT | ||
| 942 | _cBOOK | ||
| 999 |
_c365122 _d365119 |
||